[Event "British Rapidplay Championship 2023"]
[Site "Mercure Bradford, Bankfield Hotel"]
[Date "2023.04.16"]
[Round "10.17"]
[White "Graff, Ben"]
[Black "Cheng, Louis"]
[Result "0-1"]
[TimeControl "All moves in 15 minutes plus 10 second increment per move from move 1"]
[WhiteElo "1658"]
[BlackElo "1617"]

1. e4 {[%clk 00:15:19]} {[%emt 00:00:01]} c5 {[%clk 00:15:17]} {[%emt
00:00:03]} 2. Nc3 {[%clk 00:15:24]} {[%emt 00:00:04]} g6 {[%clk 00:15:21]}
{[%emt 00:00:06]} 3. b3 {[%clk 00:15:31]} {[%emt 00:00:05]} Bg7 {[%clk
00:15:24]} {[%emt 00:00:06]} 4. Bb2 {[%clk 00:15:38]} {[%emt 00:00:03]} Nc6
{[%clk 00:15:25]} {[%emt 00:00:10]} 5. Nf3 {[%clk 00:15:20]} {[%emt 00:00:26]}
d6 {[%clk 00:15:25]} {[%emt 00:00:10]} 6. Bb5 {[%clk 00:15:07]} {[%emt
00:00:23]} Bd7 {[%clk 00:15:15]} {[%emt 00:00:21]} 7. O-O {[%clk 00:15:01]}
{[%emt 00:00:16]} Nf6 {[%clk 00:15:22]} {[%emt 00:00:04]} 8. d3 {[%clk
00:14:33]} {[%emt 00:00:38]} O-O {[%clk 00:15:26]} {[%emt 00:00:06]} 9. Re1
{[%clk 00:13:38]} {[%emt 00:01:05]} Qc7 {[%clk 00:14:42]} {[%emt 00:00:54]} 10.
Qe2 {[%clk 00:11:56]} {[%emt 00:01:51]} e5 {[%clk 00:13:55]} {[%emt 00:00:58]}
11. Bxc6 {[%clk 00:11:20]} {[%emt 00:00:46]} Bxc6 {[%clk 00:14:02]} {[%emt
00:00:03]} 12. Rad1 {[%clk 00:11:03]} {[%emt 00:00:28]} a5 {[%clk 00:13:53]}
{[%emt 00:00:18]} 13. a4 {[%clk 00:10:58]} {[%emt 00:00:15]} Nh5 {[%clk
00:12:51]} {[%emt 00:01:11]} 14. Bc1 {[%clk 00:10:54]} {[%emt 00:00:14]} Nf6
{[%clk 00:12:09]} {[%emt 00:00:52]} 15. Be3 {[%clk 00:10:27]} {[%emt 00:00:38]}
Bd7 {[%clk 00:11:14]} {[%emt 00:01:05]} 16. h3 {[%clk 00:10:27]} {[%emt
00:00:09]} Be6 {[%clk 00:11:06]} {[%emt 00:00:18]} 17. Qd2 {[%clk 00:10:07]}
{[%emt 00:00:31]} d5 {[%clk 00:10:18]} {[%emt 00:00:59]} 18. exd5 {[%clk
00:09:55]} {[%emt 00:00:22]} Nxd5 {[%clk 00:10:02]} {[%emt 00:00:25]} 19. Nxd5
{[%clk 00:09:11]} {[%emt 00:00:55]} Bxd5 {[%clk 00:10:09]} {[%emt 00:00:02]} 20.
Qe2 {[%clk 00:08:26]} {[%emt 00:00:55]} Qc6 {[%clk 00:09:25]} {[%emt 00:00:53]}
21. Kh1 {[%clk 00:06:18]} {[%emt 00:02:19]} Rae8 {[%clk 00:08:36]} {[%emt
00:00:58]} 22. c4 {[%clk 00:06:23]} {[%emt 00:00:05]} Bxf3 {[%clk 00:08:06]}
{[%emt 00:00:41]} 23. Qxf3 {[%clk 00:06:29]} {[%emt 00:00:04]} Qxf3 {[%clk
00:08:13]} {[%emt 00:00:03]} 24. gxf3 {[%clk 00:06:37]} {[%emt 00:00:03]} b6
{[%clk 00:08:17]} {[%emt 00:00:05]} 25. Bc1 {[%clk 00:05:50]} {[%emt 00:00:56]}
Rd8 {[%clk 00:07:53]} {[%emt 00:00:36]} 26. f4 {[%clk 00:05:21]} {[%emt
00:00:37]} exf4 {[%clk 00:07:45]} {[%emt 00:00:19]} 27. Bxf4 {[%clk 00:05:28]}
{[%emt 00:00:03]} Rd7 {[%clk 00:07:49]} {[%emt 00:00:06]} 28. Re3 {[%clk
00:04:43]} {[%emt 00:00:52]} h6 {[%clk 00:07:43]} {[%emt 00:00:19]} 29. Be5
{[%clk 00:04:17]} {[%emt 00:00:35]} Bxe5 {[%clk 00:07:49]} {[%emt 00:00:05]} 30.
Rxe5 {[%clk 00:04:24]} {[%emt 00:00:02]} Rfd8 {[%clk 00:07:56]} {[%emt
00:00:03]} 31. Re3 {[%clk 00:04:10]} {[%emt 00:00:24]} Rd4 {[%clk 00:07:52]}
{[%emt 00:00:14]} 32. Kg2 {[%clk 00:03:54]} {[%emt 00:00:26]} Kg7 {[%clk
00:07:58]} {[%emt 00:00:04]} 33. Kf3 {[%clk 00:03:55]} {[%emt 00:00:09]} Kf6
{[%clk 00:08:01]} {[%emt 00:00:07]} 34. Ke2 {[%clk 00:03:47]} {[%emt 00:00:17]}
R8d6 {[%clk 00:07:58]} {[%emt 00:00:15]} 35. Rg1 {[%clk 00:03:35]} {[%emt
00:00:21]} Re6 {[%clk 00:07:51]} {[%emt 00:00:18]} 36. Rgg3 {[%clk 00:03:22]}
{[%emt 00:00:22]} Rdd6 {[%clk 00:07:21]} {[%emt 00:00:40]} 37. Rgf3+ {[%clk
00:03:11]} {[%emt 00:00:21]} Ke7 {[%clk 00:07:28]} {[%emt 00:00:04]} 38. Rxe6+
{[%clk 00:03:01]} {[%emt 00:00:20]} Rxe6+ {[%clk 00:07:30]} {[%emt 00:00:07]}
39. Re3 {[%clk 00:03:06]} {[%emt 00:00:05]} g5 {[%clk 00:07:17]} {[%emt
00:00:24]} 40. Rxe6+ {[%clk 00:02:49]} {[%emt 00:00:27]} Kxe6 {[%clk 00:07:24]}
{[%emt 00:00:03]} 41. Ke3 {[%clk 00:02:53]} {[%emt 00:00:05]} Ke5 {[%clk
00:07:32]} {[%emt 00:00:03]} 42. f3 {[%clk 00:02:16]} {[%emt 00:00:47]} f6
{[%clk 00:07:32]} {[%emt 00:00:10]} 43. Ke2 {[%clk 00:01:54]} {[%emt 00:00:32]}
Kf4 {[%clk 00:06:53]} {[%emt 00:00:49]} 44. Kf2 {[%clk 00:01:53]} {[%emt
00:00:11]} f5 {[%clk 00:07:01]} {[%emt 00:00:02]} 45. Ke2 {[%clk 00:01:59]}
{[%emt 00:00:04]} Ke5 {[%clk 00:07:00]} {[%emt 00:00:09]} 46. Ke3 {[%clk
00:02:02]} {[%emt 00:00:09]} f4+ {[%clk 00:07:08]} {[%emt 00:00:01]} 47. Ke2
{[%clk 00:02:03]} {[%emt 00:00:09]} h5 {[%clk 00:07:00]} {[%emt 00:00:18]} 48.
Kd2 {[%clk 00:01:43]} {[%emt 00:00:31]} Kd4 {[%clk 00:07:08]} {[%emt 00:00:02]}
49. Kc2 {[%clk 00:01:45]} {[%emt 00:00:08]} Ke3 {[%clk 00:07:14]} {[%emt
00:00:04]} 50. Kc3 {[%clk 00:01:54]} {[%emt 00:00:01]} Kxf3 {[%clk 00:07:22]}
{[%emt 00:00:02]} 51. d4 {[%clk 00:02:02]} {[%emt 00:00:02]} cxd4+ {[%clk
00:07:30]} {[%emt 00:00:02]} 52. Kxd4 {[%clk 00:02:11]} {[%emt 00:00:01]} Ke2
{[%clk 00:07:38]} {[%emt 00:00:02]} 53. c5 {[%clk 00:01:58]} {[%emt 00:00:24]}
bxc5+ {[%clk 00:07:41]} {[%emt 00:00:06]} 54. Kxc5 {[%clk 00:02:06]} {[%emt
00:00:01]} f3 {[%clk 00:07:50]} {[%emt 00:00:02]} 55. b4 {[%clk 00:02:14]}
{[%emt 00:00:02]} f2 {[%clk 00:07:56]} {[%emt 00:00:04]} 56. b5 {[%clk
00:02:23]} {[%emt 00:00:01]} f1=Q {[%clk 00:08:03]} {[%emt 00:00:02]} 57. Kc6
{[%emt 00:00:04]} Qxh3 {[%clk 00:08:07]} {[%emt 00:00:04]} 58. b6 {[%clk
00:02:41]} Qg4 {[%clk 00:08:10]} {[%emt 00:00:06]} 59. Kc7 {[%clk 00:02:50]}
{[%emt 00:00:02]} Qxa4 {[%clk 00:08:18]} {[%emt 00:00:02]} 60. b7 {[%clk
00:02:59]} Qb5 {[%clk 00:08:26]} {[%emt 00:00:02]} 61. b8=Q {[%clk 00:03:07]}
{[%emt 00:00:02]} Qxb8+ {[%clk 00:08:34]} {[%emt 00:00:02]} 62. Kxb8 {[%clk
00:03:16]} {[%emt 00:00:01]} a4 {[%clk 00:08:42]} {[%emt 00:00:03]} 0-1

[Event "British Rapidplay Championship 2023"]
[Site "Mercure Bradford, Bankfield Hotel"]
[Date "2023.04.16"]
[Round "10.18"]
[White "Harker, Peter"]
[Black "Railwani, Tavish"]
[Result "1-0"]
[TimeControl "All moves in 15 minutes plus 10 second increment per move from move 1"]
[WhiteElo "1481"]
[BlackElo "1517"]

1. d4 {[%clk 00:15:19]} Nf6 {[%clk 00:15:14]} {[%emt 00:00:07]} 2. c4 {[%clk
00:15:28]} {[%emt 00:00:02]} e6 {[%clk 00:15:20]} {[%emt 00:00:03]} 3. Nc3
{[%clk 00:15:37]} Bb4 {[%clk 00:15:28]} {[%emt 00:00:02]} 4. Qc2 {[%clk
00:15:45]} {[%emt 00:00:02]} Nc6 {[%clk 00:15:22]} {[%emt 00:00:15]} 5. Nf3
{[%clk 00:15:41]} {[%emt 00:00:15]} O-O {[%clk 00:14:57]} {[%emt 00:00:35]} 6.
a3 {[%clk 00:15:49]} {[%emt 00:00:02]} Bxc3+ {[%clk 00:14:52]} {[%emt
00:00:14]} 7. Qxc3 {[%clk 00:15:51]} {[%emt 00:00:09]} d5 {[%clk 00:14:51]}
{[%emt 00:00:10]} 8. Bg5 {[%clk 00:15:55]} {[%emt 00:00:07]} h6 {[%clk
00:14:50]} {[%emt 00:00:12]} 9. Bh4 {[%clk 00:16:03]} Bd7 {[%clk 00:14:38]}
{[%emt 00:00:21]} 10. e3 {[%clk 00:16:09]} {[%emt 00:00:05]} Qe7 {[%clk
00:13:20]} {[%emt 00:01:27]} 11. Ne5 {[%clk 00:15:57]} {[%emt 00:00:23]} Rad8
{[%clk 00:12:48]} {[%emt 00:00:41]} 12. Ng4 {[%clk 00:15:35]} {[%emt 00:00:33]}
a5 {[%clk 00:12:11]} {[%emt 00:00:47]} 13. Nxf6+ {[%clk 00:14:00]} {[%emt
00:01:44]} gxf6 {[%clk 00:12:17]} {[%emt 00:00:04]} 14. Bd3 {[%clk 00:13:26]}
{[%emt 00:00:45]} Rc8 {[%clk 00:11:39]} {[%emt 00:00:48]} 15. Bc2 {[%clk
00:13:22]} {[%emt 00:00:14]} dxc4 {[%clk 00:11:18]} {[%emt 00:00:30]} 16. Qxc4
{[%clk 00:13:20]} {[%emt 00:00:13]} e5 {[%clk 00:10:58]} {[%emt 00:00:30]} 17.
d5 {[%clk 00:12:09]} {[%emt 00:01:21]} Na7 {[%clk 00:09:19]} {[%emt 00:01:49]}
18. Qe4 {[%clk 00:12:15]} {[%emt 00:00:03]} f5 {[%clk 00:09:11]} {[%emt
00:00:18]} 19. Bxe7 {[%clk 00:12:17]} {[%emt 00:00:08]} fxe4 {[%clk 00:09:18]}
{[%emt 00:00:04]} 20. Bxf8 {[%clk 00:12:23]} {[%emt 00:00:04]} Rxf8 {[%clk
00:09:24]} {[%emt 00:00:03]} 21. Bxe4 {[%clk 00:12:22]} {[%emt 00:00:11]} Bb5
{[%clk 00:09:24]} {[%emt 00:00:09]} 22. Rd1 {[%clk 00:11:43]} {[%emt 00:00:50]}
Rd8 {[%clk 00:09:08]} {[%emt 00:00:26]} 23. Bf3 {[%clk 00:11:30]} {[%emt
00:00:24]} Ba4 {[%clk 00:09:08]} {[%emt 00:00:10]} 24. Rc1 {[%clk 00:11:20]}
{[%emt 00:00:18]} c6 {[%clk 00:09:03]} {[%emt 00:00:16]} 25. dxc6 {[%clk
00:11:25]} {[%emt 00:00:05]} Nxc6 {[%clk 00:09:09]} {[%emt 00:00:04]} 26. Bxc6
{[%clk 00:11:27]} {[%emt 00:00:09]} Bxc6 {[%clk 00:09:16]} {[%emt 00:00:03]} 27.
O-O {[%clk 00:11:29]} {[%emt 00:00:08]} Rd6 {[%clk 00:09:18]} {[%emt 00:00:07]}
28. Rfd1 {[%clk 00:11:23]} {[%emt 00:00:16]} Rg6 {[%clk 00:09:08]} {[%emt
00:00:20]} 29. g3 {[%clk 00:11:29]} {[%emt 00:00:04]} Kg7 {[%clk 00:08:53]}
{[%emt 00:00:25]} 30. Rc5 {[%clk 00:11:29]} {[%emt 00:00:09]} Re6 {[%clk
00:08:45]} {[%emt 00:00:19]} 31. Rxa5 {[%clk 00:11:14]} {[%emt 00:00:26]} Bf3
{[%clk 00:08:52]} {[%emt 00:00:02]} 32. Rc1 {[%clk 00:11:11]} {[%emt 00:00:13]}
Rd6 {[%clk 00:08:57]} {[%emt 00:00:06]} 33. Rxe5 {[%clk 00:10:59]} {[%emt
00:00:22]} Rd2 {[%clk 00:09:04]} {[%emt 00:00:01]} 34. Rb5 {[%clk 00:10:55]}
{[%emt 00:00:13]} Rd7 {[%clk 00:09:10]} {[%emt 00:00:06]} 35. Rbc5 {[%clk
00:10:43]} {[%emt 00:00:22]} Rd2 {[%clk 00:09:11]} {[%emt 00:00:10]} 36. R5c2
{[%clk 00:10:33]} {[%emt 00:00:20]} Rd6 {[%clk 00:09:05]} {[%emt 00:00:14]} 37.
h4 {[%clk 00:10:36]} {[%emt 00:00:08]} Be4 {[%clk 00:08:32]} {[%emt 00:00:44]}
38. Rc4 {[%clk 00:10:34]} {[%emt 00:00:11]} Bf3 {[%clk 00:08:10]} {[%emt
00:00:32]} 39. Rf4 {[%clk 00:10:32]} {[%emt 00:00:13]} Bc6 {[%clk 00:08:14]}
{[%emt 00:00:06]} 40. Rd4 {[%clk 00:09:34]} {[%emt 00:01:08]} Rf6 {[%clk
00:08:05]} {[%emt 00:00:18]} 41. e4 {[%clk 00:09:22]} {[%emt 00:00:23]} Re6
{[%clk 00:08:05]} {[%emt 00:00:10]} 42. f3 {[%clk 00:09:27]} {[%emt 00:00:04]}
Kh7 {[%clk 00:08:03]} {[%emt 00:00:12]} 43. Kf2 {[%clk 00:09:29]} {[%emt
00:00:08]} Kg7 {[%clk 00:08:09]} {[%emt 00:00:04]} 44. b4 {[%clk 00:09:17]}
{[%emt 00:00:23]} Re7 {[%clk 00:08:07]} {[%emt 00:00:11]} 45. Rc5 {[%clk
00:08:56]} {[%emt 00:00:32]} Ba4 {[%clk 00:07:39]} {[%emt 00:00:37]} 46. Rdc4
{[%clk 00:07:56]} {[%emt 00:01:10]} b5 {[%clk 00:07:40]} {[%emt 00:00:09]} 47.
Rd4 {[%clk 00:07:45]} {[%emt 00:00:21]} Rb7 {[%clk 00:07:17]} {[%emt 00:00:32]}
48. Rc6 {[%clk 00:07:23]} {[%emt 00:00:32]} Re7 {[%clk 00:07:01]} {[%emt
00:00:27]} 49. Rdd6 {[%clk 00:07:24]} {[%emt 00:00:09]} Rb7 {[%clk 00:06:54]}
{[%emt 00:00:17]} 50. Rxh6 {[%clk 00:07:23]} {[%emt 00:00:12]} Rd7 {[%clk
00:07:01]} {[%emt 00:00:02]} 51. Rhd6 {[%clk 00:07:32]} {[%emt 00:00:02]} Re7
{[%clk 00:07:08]} {[%emt 00:00:02]} 52. h5 {[%clk 00:07:20]} {[%emt 00:00:23]}
Bb3 {[%clk 00:06:30]} {[%emt 00:00:47]} 53. g4 {[%clk 00:06:54]} {[%emt
00:00:36]} Be6 {[%clk 00:06:17]} {[%emt 00:00:22]} 54. Ke3 {[%clk 00:06:25]}
{[%emt 00:00:40]} Kh7 {[%clk 00:05:55]} {[%emt 00:00:32]} 55. g5 {[%clk
00:06:22]} {[%emt 00:00:13]} Kg7 {[%clk 00:05:59]} {[%emt 00:00:05]} 56. f4
{[%clk 00:06:24]} {[%emt 00:00:10]} Bg4 {[%clk 00:05:41]} {[%emt 00:00:27]} 57.
h6+ {[%clk 00:06:05]} {[%emt 00:00:29]} Kh7 {[%clk 00:05:41]} {[%emt 00:00:10]}
58. g6+ {[%clk 00:05:33]} {[%emt 00:00:43]} fxg6 {[%clk 00:05:45]} {[%emt
00:00:04]} 59. Rxg6 {[%clk 00:05:34]} {[%emt 00:00:11]} Bf5 {[%clk 00:05:33]}
{[%emt 00:00:21]} 60. Rg7+ {[%clk 00:05:26]} {[%emt 00:00:18]} Rxg7 {[%clk
00:05:38]} {[%emt 00:00:06]} 61. hxg7 {[%clk 00:05:33]} {[%emt 00:00:02]} Be6
{[%clk 00:05:39]} {[%emt 00:00:09]} 62. Rxe6 {[%clk 00:05:39]} {[%emt
00:00:04]} 1-0

[Event "British Rapidplay Championship 2023"]
[Site "Mercure Bradford, Bankfield Hotel"]
[Date "2023.04.16"]
[Round "10.20"]
[White "McLean, Rory R"]
[Black "Holliday, John K"]
[Result "1-0"]
[TimeControl "All moves in 15 minutes plus 10 second increment per move from move 1"]
[WhiteElo "1626"]
[BlackElo "1832"]

1. c4 {[%clk 00:15:13]} {[%emt 00:00:06]} Nf6 {[%clk 00:15:19]} {[%emt
00:00:02]} 2. Nc3 {[%clk 00:15:20]} {[%emt 00:00:03]} g6 {[%clk 00:15:27]}
{[%emt 00:00:02]} 3. d4 {[%clk 00:15:25]} {[%emt 00:00:05]} Bg7 {[%clk
00:15:35]} {[%emt 00:00:02]} 4. f3 {[%clk 00:15:32]} {[%emt 00:00:03]} d6
{[%clk 00:15:44]} {[%emt 00:00:02]} 5. e4 {[%clk 00:15:39]} {[%emt 00:00:02]}
O-O {[%clk 00:15:45]} {[%emt 00:00:09]} 6. Be3 {[%clk 00:15:47]} {[%emt
00:00:02]} a6 {[%clk 00:15:10]} {[%emt 00:00:46]} 7. Qd2 {[%clk 00:15:51]}
{[%emt 00:00:05]} Nbd7 {[%clk 00:15:02]} {[%emt 00:00:18]} 8. O-O-O {[%clk
00:15:53]} {[%emt 00:00:08]} c6 {[%clk 00:14:42]} {[%emt 00:00:31]} 9. g4
{[%clk 00:15:47]} {[%emt 00:00:16]} b5 {[%clk 00:14:38]} {[%emt 00:00:14]} 10.
h4 {[%clk 00:15:52]} {[%emt 00:00:03]} Nb6 {[%clk 00:14:16]} {[%emt 00:00:33]}
11. h5 {[%clk 00:15:58]} {[%emt 00:00:04]} Nxg4 {[%clk 00:14:02]} {[%emt
00:00:25]} 12. fxg4 {[%clk 00:15:59]} {[%emt 00:00:08]} Bxg4 {[%clk 00:14:10]}
{[%emt 00:00:02]} 13. hxg6 {[%clk 00:15:36]} {[%emt 00:00:33]} Bxd1 {[%clk
00:14:00]} {[%emt 00:00:21]} 14. gxh7+ {[%clk 00:15:10]} {[%emt 00:00:35]} Kh8
{[%clk 00:14:08]} {[%emt 00:00:01]} 15. Nxd1 {[%clk 00:15:15]} {[%emt
00:00:05]} Nxc4 {[%clk 00:14:07]} {[%emt 00:00:12]} 16. Bxc4 {[%clk 00:15:22]}
{[%emt 00:00:03]} bxc4 {[%clk 00:14:10]} {[%emt 00:00:08]} 17. Bh6 {[%clk
00:15:17]} {[%emt 00:00:14]} e6 {[%clk 00:13:16]} {[%emt 00:01:04]} 18. Bxg7+
{[%clk 00:15:18]} {[%emt 00:00:08]} Kxg7 {[%clk 00:13:25]} {[%emt 00:00:02]} 19.
Qh6+ {[%clk 00:15:13]} {[%emt 00:00:15]} Kh8 {[%clk 00:13:32]} {[%emt
00:00:03]} 20. Nf3 {[%clk 00:14:57]} {[%emt 00:00:25]} f6 {[%clk 00:13:18]}
{[%emt 00:00:24]} 21. Nh4 {[%clk 00:14:39]} {[%emt 00:00:28]} 1-0